Textbook of Nursing Foundations (Record no. 157102)
[ view plain ]
| 000 -LEADER | |
|---|---|
| fixed length control field | 00388nam a2200145Ia 4500 |
| 008 - FIXED-LENGTH DATA ELEMENTS--GENERAL INFORMATION | |
| fixed length control field | 230411s9999 xx 000 0 und d |
| 020 ## - INTERNATIONAL STANDARD BOOK NUMBER | |
| International Standard Book Number | 978-93-5025-364-9 |
| 041 ## - LANGUAGE CODE | |
| Language code of text/sound track or separate title | eng |
| 082 ## - DEWEY DECIMAL CLASSIFICATION NUMBER | |
| Classification number | F/610.73069/CLE/B06769 |
| 100 ## - MAIN ENTRY--PERSONAL NAME | |
| Personal name | Clement I |
| 9 (RLIN) | 119826 |
| 245 ## - TITLE STATEMENT | |
| Title | Textbook of Nursing Foundations |
| 260 ## - PUBLICATION, DISTRIBUTION, ETC. (IMPRINT) | |
| Name of publisher, distributor, etc. | Jaypee Brothers |
| Place of publication, distribution, etc. | New Delhi |
| Date of publication, distribution, etc. | 2011 |
| 300 ## - PHYSICAL DESCRIPTION | |
| Extent | 714p |
| Withdrawn status | Lost status | Damaged status | Not for loan | Collection code | Home library | Current library | Date acquired | Vendor | Cost, normal purchase price | Bill number | Total Checkouts | Total Renewals | Full call number | Barcode | Date last seen | Date last checked out | Cost, replacement price | Bill Date | Koha item type | Original Barcode |
|---|---|---|---|---|---|---|---|---|---|---|---|---|---|---|---|---|---|---|---|---|
| Smt. Bakul Tambat Institute of Nursing Education | Smt. Bakul Tambat Institute of Nursing Education | 17/06/2011 | Jaypee Brothers Medical Publishers | 495.00 | 1150 | 8 | 2 | F 610.73069 CLE B06769 | BTIN-BK-6769 | 29/09/2025 | 01/10/2024 | 361.00 | 17/06/2011 | Books | B06769 | |||||
| Smt. Bakul Tambat Institute of Nursing Education | Smt. Bakul Tambat Institute of Nursing Education | 13/05/2016 | Jaypee Brothers Medical Publishers | 850.00 | 1150 | 4 | 1 | F 610.73069 CLE B08215 | BTIN-BK-8215 | 04/06/2025 | 09/05/2025 | 595.00 | 17/06/2011 | Books | B08215 | |||||
| Smt. Bakul Tambat Institute of Nursing Education | Smt. Bakul Tambat Institute of Nursing Education | 10/03/2021 | Patil Medical Book House | 995.00 | 1150 | 1 | 1 | F 610.73069 CLE B09539 | BTIN-BK-9539 | 31/07/2024 | 19/04/2023 | 671.63 | 17/06/2011 | Books | B09539 | |||||
| Reference | Smt. Bakul Tambat Institute of Nursing Education | Smt. Bakul Tambat Institute of Nursing Education | 10/03/2021 | Patil Medical Book House | 995.00 | 1150 | F 610.73069 CLE B09540 | BTIN-BK-9540 | 11/04/2023 | 671.63 | 17/06/2011 | Books | B09540 |